Millie waits for the mail / (Record no. 4863)

MARC details
000 -LEADER
fixed length control field 00971nam a22003017a 4500
001 - CONTROL NUMBER
control field 4863
003 - CONTROL NUMBER IDENTIFIER
control field FISKH
005 - DATE AND TIME OF LATEST TRANSACTION
control field 20250826102538.0
008 - FIXED-LENGTH DATA ELEMENTS--GENERAL INFORMATION
fixed length control field 241021b cb ||||| |||| 00| 0 eng d
020 ## - INTERNATIONAL STANDARD BOOK NUMBER
International Standard Book Number 9780545152112
040 ## - CATALOGING SOURCE
Original cataloging agency FISKH
Language of cataloging eng
Transcribing agency FISKH
Modifying agency FISKH
050 ## - LIBRARY OF CONGRESS CALL NUMBER
Classification number PZ7.S81712
082 ## - DEWEY DECIMAL CLASSIFICATION NUMBER
Classification number 813.6
100 ## - MAIN ENTRY--PERSONAL NAME
Personal name Steffensmeier, Alexander
Dates associated with a name (1977-)
245 ## - TITLE STATEMENT
Title Millie waits for the mail /
Statement of responsibility, etc. Alexander Steffensmeier
250 ## - EDITION STATEMENT
Edition statement First printing in 2009
260 ## - PUBLICATION, DISTRIBUTION, ETC.
Place of publication, distribution, etc. New York :
Name of publisher, distributor, etc. Scholastic,
Date of publication, distribution, etc. 2009.
300 ## - PHYSICAL DESCRIPTION
Extent 24 pages :
Other physical details color illustrations ;
Dimensions 27 cm.
505 ## - FORMATTED CONTENTS NOTE
Formatted contents note N<br/>
520 ## - SUMMARY, ETC.
Summary, etc. Millie the cow loves to scare the mailman and chase him off the farm, until the mailman comes up with a plan that ends up pleasing everyone.
521 8# - TARGET AUDIENCE NOTE
Target audience note 530<br/><br/>
Source Lexile<br/>
521 8# - TARGET AUDIENCE NOTE
Target audience note N<br/>
Source Raz-Plus<br/>
650 ## - SUBJECT ADDED ENTRY--TOPICAL TERM
Source of heading or term Farm animals
Topical term or geographic name entry element Picture book
650 ## - SUBJECT ADDED ENTRY--TOPICAL TERM
Source of heading or term Funny
Topical term or geographic name entry element Humor
700 ## - ADDED ENTRY--PERSONAL NAME
Personal name Steffensmeier, Alexander
Dates associated with a name Illustrator
942 ## - ADDED ENTRY ELEMENTS (KOHA)
Source of classification or shelving scheme Dewey Decimal Classification
Koha item type Books
Suppress in OPAC No
Holdings
Withdrawn status Lost status Source of classification or shelving scheme Damaged status Not for loan Collection Home library Current library Shelving location Date acquired Total Checkouts Full call number Barcode Date last seen Date last checked out Copy number Price effective from Koha item type
    Dewey Decimal Classification     Juvenile Fiction Footprints International School Library Network Toul Kork Campus Footprints International School Library Network Toul Kork Campus TK Primary Library Room(4th Floor), Bookcase 3&4, Shelves 17-32, Yellow Books 10/21/2024 1 STE 813.6 PZ7.S81712 2024-2177 02/19/2025 02/13/2025 1 10/21/2024 Books
    Dewey Decimal Classification     Juvenile Fiction Footprints International School Library Network Toul Tom Poung Campus Footprints International School Library Network Toul Tom Poung Campus TTP Primary Yellow Bookshelves 08/26/2025   STE 813.6 PZ7.S81712 FIS02472 08/26/2025   2 08/26/2025 Books